000 00834nam a22002537a 4500
005 20110721165316.0
008 110721t xxu||||| |||| 00| 0 eng d
010 _aENG-103101
020 _a9788191064230
_c345.00
035 _aEN-86634
037 _bDBAD / PUB
040 _adpl
_bEnglish
082 _a519.5
100 _aKhandelwal, S.K.
_929868
245 _aBusiness statistics /
_cby S.K. khandelwal
260 _aNew Delhi
_bInternational Book House
_c2010
270 _a2/42, Ansar Road, Darya Ganj
_bNew Delhi
_e110002
300 _a534p.
_c25cm (pbk)
650 _929869
651 _91549
700 _929871
942 _2ddc
_cEN
_h519.5
_mKHA
999 _c54206
_d54206